[Event "Titled Tuesday intern op 01st Nov Early"]
[Site "Chess.com INT"]
[Date "2022.11.01"]
[Round "4"]
[White "Lohani, Sujana"]
[Black "Martinez Molina, Carlos Alberto"]
[Result "0-1"]
[WhiteElo "1716"]
[BlackElo "2167"]
[PlyCount "50"]
[EventDate "2022.11.01"]
[EventType "swiss (blitz)"]
[EventRounds "11"]
[EventCountry "USA"]
[SourceTitle "EXT 2024"]
[Source "ChessBase"]
[SourceDate "2023.10.10"]
[SourceVersion "1"]
[SourceVersionDate "2023.10.10"]
[SourceQuality "1"]

1. d4 Nf6 2. Nf3 c5 3. d5 d6 4. h3 e6 5. c3 exd5 6. Bg5 Be6 7. e3 Nbd7 8. Bb5 Be7 9. 0-0 0-0 10. Re1 a6 11. Ba4 b5 12. Bc2 h6 13. Bh4 Ne4 14. Bxe7 Qxe7 15. Nbd2 Ndf6 16. Nb3 Rab8 17. Na5 Qc7 18. b4 Nxc3 19. Qd3 cxb4 20. Nb3 Qc4 21. Qd2 Nfe4 22. Qc1 Ne2+ 23. Rxe2 Qxe2 24. Nbd4 Qxf2+ 25. Kh2 Bxh3 0-1

[Event "Titled Tuesday intern op 01st Nov Early"]
[Site "Chess.com INT"]
[Date "2022.11.01"]
[Round "3"]
[White "Martinez Molina, Carlos Alberto"]
[Black "Brueckner, Thomas"]
[Result "0-1"]
[WhiteElo "2167"]
[BlackElo "2372"]
[PlyCount "26"]
[EventDate "2022.11.01"]
[EventType "swiss (blitz)"]
[EventRounds "11"]
[EventCountry "USA"]
[SourceTitle "EXT 2024"]
[Source "ChessBase"]
[SourceDate "2023.10.10"]
[SourceVersion "1"]
[SourceVersionDate "2023.10.10"]
[SourceQuality "1"]

1. e4 e5 2. Nc3 Nf6 3. f4 d5 4. fxe5 Nxe4 5. Nf3 Bc5 6. d4 Bb4 7. Bd2 c5 8. Bd3 Nxd2 9. Qxd2 cxd4 10. Bb5+ Nc6 11. Qxd4 Qa5 12. 0-0-0 0-0 13. Bd3 Nxd4 0-1

[Event "Titled Tuesday intern op 01st Nov Early"]
[Site "Chess.com INT"]
[Date "2022.11.01"]
[Round "5"]
[White "Martinez Molina, Carlos Alberto"]
[Black "Omariev, Maksim"]
[Result "1-0"]
[WhiteElo "2167"]
[BlackElo "2304"]
[PlyCount "135"]
[EventDate "2022.11.01"]
[EventType "swiss (blitz)"]
[EventRounds "11"]
[EventCountry "USA"]
[SourceTitle "EXT 2024"]
[Source "ChessBase"]
[SourceDate "2023.10.10"]
[SourceVersion "1"]
[SourceVersionDate "2023.10.10"]
[SourceQuality "1"]

1. d4 d5 2. c4 e6 3. Nc3 Nf6 4. Nf3 Be7 5. Bg5 h6 6. Bh4 0-0 7. e3 a6 8. cxd5 exd5 9. Bd3 Be6 10. 0-0 Nbd7 11. Rc1 Re8 12. Bb1 c6 13. Qd3 g6 14. a3 Bf5 15. Qd1 Bxb1 16. Rxb1 Ne4 17. Bxe7 Qxe7 18. Ne2 h5 19. b4 Nd6 20. Nf4 Nc4 21. Qc1 b5 22. Nd3 a5 23. Nc5 Nxc5 24. dxc5 axb4 25. axb4 Ra4 26. Nd4 Qc7 27. Re1 Ra2 28. Ra1 Rea8 29. Rxa2 Rxa2 30. Qb1 Ra4 31. h3 Nd2 32. Qb2 Ne4 33. Ra1 Qb7 34. g3 Qa6 35. Rxa4 bxa4 36. b5 cxb5 37. c6 a3 38. Qa2 Nc3 39. Qa1 b4 40. c7 Qc4 41. Nb5 a2 42. Nxc3 bxc3 43. Qxa2 Qxc7 44. Qc2 Qc4 45. h4 d4 46. exd4 Qxd4 47. Kf1 Kh7 48. Ke2 Qc4+ 49. Ke3 Qc5+ 50. Ke2 Kg8 51. Kd3 Kh7 52. Ke2 Kh6 53. Qc1+ Kg7 54. Qc2 f6 55. Kf1 g5 56. hxg5 fxg5 57. Kg2 Kh6 58. Kf1 Qc4+ 59. Ke1 Qd4 60. Qa2 h4 61. Qe6+ Kh5 62. Qe2+ Kg6 63. Qe6+ Kg7 64. Qe7+ Kg6 65. Qe8+ Kf5 66. Qc8+ Ke4 67. Qg4+ Kd3 68. Qe2# 1-0

[Event "Titled Tuesday intern op 01st Nov Late"]
[Site "Chess.com INT"]
[Date "2022.11.01"]
[Round "3"]
[White "Martinez Molina, Carlos Alberto"]
[Black "Piesik, Piotr"]
[Result "0-1"]
[WhiteElo "2167"]
[BlackElo "2416"]
[PlyCount "90"]
[EventDate "2022.11.01"]
[EventType "swiss (blitz)"]
[EventRounds "11"]
[EventCountry "USA"]
[SourceTitle "EXT 2024"]
[Source "ChessBase"]
[SourceDate "2023.10.10"]
[SourceVersion "1"]
[SourceVersionDate "2023.10.10"]
[SourceQuality "1"]

1. d4 c5 2. d5 e5 3. c4 d6 4. Nc3 Be7 5. g3 Bg5 6. e3 f5 7. Bg2 Nd7 8. f4 Bf6 9. e4 Ne7 10. Nf3 0-0 11. 0-0 a6 12. a4 exf4 13. Bxf4 Qc7 14. Qc2 Ng6 15. Bg5 Bxc3 16. exf5 Nge5 17. Qxc3 Rxf5 18. Bf4 Nxf3+ 19. Rxf3 Ne5 20. Bxe5 Rxe5 21. Raf1 Bg4 22. Rf4 Bh5 23. Bh3 h6 24. Be6+ Kh8 25. Qd3 Qe7 26. g4 Rg5 27. Kh1 Bg6 28. Qf3 Kh7 29. h4 Re5 30. h5 Bc2 31. Rf2 Qh4+ 32. Kg2 Re1 33. Rf1 Rxf1 34. Qxf1 Re8 35. Qc1 Bxa4 36. Qb1+ Kh8 37. Qg6 Rd8 38. Bf5 Kg8 39. Be6+ Kh8 40. Bf5 Kg8 41. Bc2 Bxc2 42. Qxc2 Re8 43. Qd2 Qe1 44. Qxe1 Rxe1 45. Rf2 Re4 0-1

[Event "Titled Tuesday intern op 21st April"]
[Site "Chess.com INT"]
[Date "2020.04.21"]
[Round "5"]
[White "Martinez Molina, Carlos Alberto"]
[Black "Sorokobjagin, Sergey"]
[Result "0-1"]
[WhiteElo "2167"]
[BlackElo "2253"]
[PlyCount "84"]
[EventDate "2020.04.21"]
[EventType "swiss (blitz)"]
[EventRounds "10"]
[EventCountry "USA"]
[SourceTitle "EXT 2021"]
[Source "ChessBase"]
[SourceDate "2020.10.23"]
[SourceVersion "1"]
[SourceVersionDate "2020.10.23"]
[SourceQuality "1"]

1. d4 Nf6 2. c4 e6 3. Nc3 d5 4. Nf3 c6 5. Bg5 Nbd7 6. cxd5 exd5 7. e3 Qa5 8. Bd3 Bb4 9. Qc2 0-0 10. 0-0 h6 11. Bh4 Re8 12. Ne2 Ne4 13. a3 Bd6 14. b4 Qc7 15. Bg3 f5 16. Rfc1 a6 17. Rab1 Ndf6 18. a4 Nxg3 19. hxg3 Ne4 20. b5 axb5 21. axb5 Bd7 22. Nf4 Ra3 23. Nxd5 Qa5 24. Nf4 cxb5 25. Ne5 Bxe5 26. dxe5 Rxe5 27. Qd1 Bc6 28. Bc2 Qd2 29. Bb3+ Rxb3 30. Rxb3 Qxf2+ 31. Kh1 Qxg3 32. Qe1 Qg4 33. Rd3 Kh7 34. Kg1 b4 35. Qe2 Qg5 36. Rcd1 Nc3 37. Qd2 Nxd1 38. Qxd1 Be4 39. Rd7 Re7 40. Rd4 Qg3 41. Rxb4 g5 42. Ne2 Qxg2# 0-1

[Event "Titled Tuesday intern op 14th April"]
[Site "Chess.com INT"]
[Date "2020.04.14"]
[Round "2"]
[White "Martinez Molina, Carlos Alberto"]
[Black "Mendonca, Leon Luke"]
[Result "1/2-1/2"]
[WhiteElo "2167"]
[BlackElo "2452"]
[PlyCount "137"]
[EventDate "2020.04.14"]
[EventType "swiss (blitz)"]
[EventRounds "10"]
[EventCountry "USA"]
[SourceTitle "EXT 2021"]
[Source "ChessBase"]
[SourceDate "2020.10.23"]
[SourceVersion "1"]
[SourceVersionDate "2020.10.23"]
[SourceQuality "1"]

1. d4 Nf6 2. c4 e6 3. Nc3 Bb4 4. Bd2 0-0 5. Nf3 b6 6. e3 Bb7 7. Be2 d6 8. 0-0 Nbd7 9. Rc1 Qe7 10. a3 Bxc3 11. Bxc3 Ne4 12. Be1 f5 13. Nd2 c5 14. f3 Nxd2 15. Qxd2 e5 16. d5 Nf6 17. b4 Bc8 18. bxc5 bxc5 19. Rb1 Qc7 20. Qa5 Qxa5 21. Bxa5 Kf7 22. Rb2 Ba6 23. Rfb1 Ke7 24. Bd1 Nd7 25. Ba4 Rab8 26. Bc7 Rxb2 27. Rxb2 Rc8 28. Ba5 Rb8 29. Rxb8 Nxb8 30. Bb5 Bb7 31. Kf2 Nd7 32. Bxd7 Kxd7 33. Ke2 g5 34. Kd3 Ke7 35. g3 Bc8 36. Bc7 Bd7 37. f4 e4+ 38. Kd2 gxf4 39. gxf4 Ba4 40. Kc3 Kd7 41. Ba5 h5 42. h4 Bd1 43. Kb2 Bf3 44. Bc3 Be2 45. Kb3 Kc7 46. Ba5+ Kc8 47. Bc3 Bd1+ 48. Kb2 Kb7 49. Bf6 Kc7 50. Kc3 Kd7 51. Bg5 Be2 52. Bf6 Bd3 53. Bg5 Bb1 54. Bh6 Ba2 55. Bg5 Ke8 56. Bh6 Ke7 57. Bg5+ Kf7 58. Bd8 Kf8 59. Bg5 Ke8 60. Bh6 Kd7 61. Bg5 Bb1 62. Bh6 Bd3 63. Bg5 Bf1 64. Bh6 Be2 65. Bg5 Bd3 66. Bh6 Kc7 67. Bg5 Kb6 68. Be7 Kc7 69. Bg5 1/2-1/2

[Event "Titled Tuesday intern op 14th April"]
[Site "Chess.com INT"]
[Date "2020.04.14"]
[Round "7"]
[White "Sieciechowicz, Marcin"]
[Black "Martinez Molina, Carlos Alberto"]
[Result "1-0"]
[WhiteElo "2372"]
[BlackElo "2167"]
[PlyCount "57"]
[EventDate "2020.04.14"]
[EventType "swiss (blitz)"]
[EventRounds "10"]
[EventCountry "USA"]
[SourceTitle "EXT 2021"]
[Source "ChessBase"]
[SourceDate "2020.10.23"]
[SourceVersion "1"]
[SourceVersionDate "2020.10.23"]
[SourceQuality "1"]

1. d4 c5 2. d5 Nf6 3. c4 e6 4. Nc3 exd5 5. cxd5 d6 6. e4 g6 7. f4 Bg7 8. Bb5+ Nfd7 9. a4 0-0 10. Nf3 Na6 11. 0-0 Nc7 12. Bxd7 Bxd7 13. f5 gxf5 14. Bg5 f6 15. Bf4 fxe4 16. Nxe4 Bg4 17. Nxd6 f5 18. Qb3 Rf6 19. Nc4 Nxd5 20. Ne3 c4 21. Qxc4 Rc6 22. Qxd5+ Qxd5 23. Nxd5 Rc2 24. Rac1 Rxb2 25. Ne5 Rd8 26. Ne7+ Kf8 27. Nxg4 Kxe7 28. Bg5+ Bf6 29. Bxf6+ 1-0

[Event "Titled Tuesday intern op 7th April"]
[Site "Chess.com INT"]
[Date "2020.04.07"]
[Round "6"]
[White "Tanenbaum, Zachary Chen"]
[Black "Martinez Molina, Carlos Alberto"]
[Result "1-0"]
[WhiteElo "2137"]
[BlackElo "2167"]
[PlyCount "65"]
[EventDate "2020.04.07"]
[EventType "swiss (blitz)"]
[EventRounds "10"]
[EventCountry "USA"]
[SourceTitle "EXT 2021"]
[Source "ChessBase"]
[SourceDate "2020.10.23"]
[SourceVersion "1"]
[SourceVersionDate "2020.10.23"]
[SourceQuality "1"]

1. e4 c5 2. Nf3 e6 3. d4 cxd4 4. Bg5 Qc7 5. Nxd4 Nc6 6. Nxc6 dxc6 7. Nc3 Nf6 8. Bd3 Bd6 9. Bxf6 gxf6 10. Qf3 Be5 11. h3 Qa5 12. 0-0 Ke7 13. Qe2 Bxc3 14. bxc3 Qxc3 15. f4 Bd7 16. e5 f5 17. Rab1 b6 18. Qh5 Rag8 19. Qh4+ Ke8 20. Rbd1 Rg6 21. Rf2 Rhg8 22. Rfd2 Qc5+ 23. Kh1 Qe7 24. Qxh7 c5 25. Bxf5 R6g7 26. Rxd7 Qxd7 27. Rxd7 Kxd7 28. Qh5 exf5 29. Qxf5+ Kc6 30. Qe4+ Kc7 31. f5 Rd8 32. e6 fxe6 33. Qe5+ 1-0

[Event "Chihuahua Bionext op"]
[Site "Chihuahua City"]
[Date "2019.12.01"]
[Round "7"]
[White "Martinez Molina, Carlos Alberto"]
[Black "Nunez Hirales, Juan Alejandro"]
[Result "1/2-1/2"]
[WhiteElo "2169"]
[BlackElo "2016"]
[PlyCount "165"]
[EventDate "2019.11.28"]
[EventType "swiss"]
[EventRounds "7"]
[EventCountry "MEX"]
[SourceTitle "CBM 193 Extra"]
[Source "ChessBase"]
[SourceDate "2020.01.31"]
[SourceVersion "1"]
[SourceVersionDate "2020.01.31"]
[SourceQuality "1"]

1. d4 d5 2. c4 e6 3. Nc3 f5 4. g3 Nf6 5. Bg2 c6 6. Nh3 Be7 7. 0-0 0-0 8. b3 Qe8 9. Nf4 Qf7 10. Qc2 Nh5 11. Nd3 Nd7 12. Bd2 Bd6 13. e3 g5 14. f4 gxf4 15. exf4 Qg7 16. Ne5 Nhf6 17. Rae1 Ne4 18. Nxe4 fxe4 19. b4 Nxe5 20. fxe5 Rxf1+ 21. Rxf1 Be7 22. Qc1 Bd7 23. Bh6 Qg6 24. Qf4 Qf5 25. Qe3 Qg6 26. Bh3 Bf8 27. Bg5 Bg7 28. Bf4 Rf8 29. Kh1 Rf7 30. a4 Bf8 31. c5 a6 32. Kg1 Bg7 33. Bg2 Be8 34. h3 Bf8 35. Rf2 Be7 36. Kh2 Bf8 37. Bf1 h5 38. Be2 Kh7 39. Kg2 Bh6 40. Bxh6 Rxf2+ 41. Kxf2 Qxh6 42. h4 Qxe3+ 43. Kxe3 Kg6 44. Kf4 Bd7 45. Bf1 Be8 46. Bh3 Bd7 47. Ke3 Kh6 48. Bf1 Kg6 49. Be2 Be8 50. Kf4 Kh6 51. Bf1 Kg6 52. Bh3 Bd7 53. g4 hxg4 54. Bxg4 Kh6 55. h5 Bc8 56. Be2 Bd7 57. Kg4 Be8 58. Kh4 Bd7 59. Bg4 Bc8 60. Bh3 Bd7 61. Bg4 Bc8 62. Be2 Bd7 63. Bg4 Bc8 64. Bh3 Bd7 65. Bf1 Be8 66. Be2 Bd7 67. Bd1 Be8 68. Be2 Bd7 69. Bg4 Bc8 70. Kg3 Kg5 71. Be2 Bd7 72. Bg4 Bc8 73. h6 Kxh6 74. Kh4 Bd7 75. Bh5 Kg7 76. Kg5 Bc8 77. Be8 Kf8 78. Bh5 Ke7 79. Be2 Bd7 80. Bf1 Be8 81. Be2 Bd7 82. Bf1 Be8 83. Be2 1/2-1/2

[Event "Titled Tuesday intern op 1st Oct"]
[Site "Chess.com INT"]
[Date "2019.10.01"]
[Round "10"]
[White "Martinez Molina, Carlos Alberto"]
[Black "Fajdetic, Hrvoje"]
[Result "1-0"]
[WhiteElo "2191"]
[BlackElo "2157"]
[PlyCount "85"]
[EventDate "2019.10.01"]
[EventType "swiss (blitz)"]
[EventRounds "10"]
[EventCountry "USA"]
[SourceTitle "EXT 2021"]
[Source "ChessBase"]
[SourceDate "2020.10.23"]
[SourceVersion "1"]
[SourceVersionDate "2020.10.23"]
[SourceQuality "1"]

1. d4 e6 2. c4 f5 3. Nc3 Nf6 4. Nf3 d6 5. g3 Be7 6. Bg2 0-0 7. 0-0 Ne4 8. Qc2 Nxc3 9. Qxc3 Bf6 10. Rd1 a5 11. b3 Nc6 12. Bb2 Qe8 13. Qd2 e5 14. dxe5 dxe5 15. e3 Qh5 16. Qd5+ Kh8 17. Nxe5 Nxe5 18. Bxe5 c6 19. Qd6 Qe8 20. Bxf6 Rxf6 21. Qc7 Rf8 22. Rd6 a4 23. Rad1 Be6 24. Qxb7 axb3 25. axb3 Rb8 26. Qxc6 Qxc6 27. Bxc6 Bf7 28. Ba4 Rb4 29. Rd8 Kg8 30. c5 Bxb3 31. Rxf8+ Kxf8 32. Bxb3 Rxb3 33. Rc1 Rb7 34. c6 Rc7 35. h4 Ke7 36. Kg2 Kd6 37. Kf3 Rxc6 38. Rxc6+ Kxc6 39. Kf4 g6 40. h5 Kd5 41. hxg6 hxg6 42. Kg5 Ke4 43. Kxg6 1-0

[Event "MEX-ch U26"]
[Site "Merida"]
[Date "2019.05.13"]
[Round "2"]
[White "Martinez Molina, Carlos Alberto"]
[Black "Felix Soto, Alfredo"]
[Result "0-1"]
[WhiteElo "2182"]
[BlackElo "2062"]
[PlyCount "100"]
[EventDate "2019.05.12"]
[EventType "swiss"]
[EventRounds "6"]
[EventCountry "MEX"]
[SourceTitle "EXT 2020"]
[Source "ChessBase"]
[SourceDate "2019.10.17"]
[SourceVersion "1"]
[SourceVersionDate "2019.10.17"]
[SourceQuality "1"]

1. d4 Nf6 2. c4 e6 3. Nc3 d5 4. Nf3 dxc4 5. e3 c5 6. Bxc4 a6 7. a4 Nc6 8. 0-0 cxd4 9. exd4 Be7 10. Bg5 0-0 11. Qd2 Na5 12. Ba2 b5 13. d5 Nc4 14. Bxc4 bxc4 15. Rfd1 Nxd5 16. Nxd5 Bxg5 17. Nxg5 Qxd5 18. Qxd5 exd5 19. Rxd5 h6 20. Ne4 Be6 21. Rd4 Rfb8 22. Nc5 Rb4 23. h3 Rc8 24. Nxe6 fxe6 25. Rc1 a5 26. Rc2 Rc6 27. Kf1 Rxa4 28. b3 cxb3 29. Rd8+ Kf7 30. Rxc6 b2 31. Rb6 Ra1+ 32. Ke2 b1Q 33. Rxb1 Rxb1 34. Rd7+ Kf6 35. Ra7 Ra1 36. h4 a4 37. Kf3 a3 38. Kg3 g6 39. Ra6 Kf5 40. f3 e5 41. Ra5 a2 42. Ra4 g5 43. hxg5 hxg5 44. Ra6 g4 45. fxg4+ Kg5 46. Ra5 Kg6 47. Ra6+ Kf7 48. g5 e4 49. g6+ Kg7 50. Kg4 Kh6 0-1

[Event "MEX-ch U26"]
[Site "Puebla"]
[Date "2014.04.28"]
[Round "3.10"]
[White "Martinez Molina, Carlos Alberto"]
[Black "Ramirez Jimenez, Javier"]
[Result "1/2-1/2"]
[WhiteElo "1604"]
[BlackElo "2034"]
[PlyCount "142"]
[EventDate "2014.04.28"]
[EventType "swiss"]
[EventRounds "6"]
[EventCountry "MEX"]
[SourceTitle "CBM 160 Extra"]
[Source "ChessBase"]
[SourceDate "2014.07.01"]
[SourceVersion "1"]
[SourceVersionDate "2014.07.01"]
[SourceQuality "1"]

1. d4 Nf6 2. c4 e6 3. Nc3 Bb4 4. e3 0-0 5. Nge2 d5 6. a3 Be7 7. Nf4 c6 8. Bd3 Nbd7 9. 0-0 dxc4 10. Bxc4 e5 11. Nfe2 exd4 12. exd4 Nb6 13. Ba2 Nbd5 14. Bg5 Be6 15. Re1 Nxc3 16. Nxc3 Bxa2 17. Rxa2 Re8 18. b4 Nd5 19. Bxe7 Rxe7 20. Nxd5 Rxe1+ 21. Qxe1 Qxd5 22. Re2 Kf8 23. Re7 Qxd4 24. Rxb7 Re8 25. Qc1 Qb2 26. Qc5+ Kg8 27. h3 Qxa3 28. Rxa7 Qd3 29. Qxc6 Re1+ 30. Kh2 h6 31. Rd7 Qf5 32. Rd8+ Kh7 33. Qf3 Qxf3 34. gxf3 Rb1 35. Rb8 Kg6 36. Kg3 Kf5 37. Rb5+ Ke6 38. f4 f5 39. Re5+ Kf6 40. Rb5 Ke6 41. h4 Rg1+ 42. Kf3 Rg4 43. h5 Rh4 44. Rb7 Rxh5 45. Rxg7 Kd5 46. Kg3 Rh1 47. Rb7 Kc6 48. Rf7 Rh5 49. Rf8 Kb5 50. Rb8+ Kc6 51. Kf3 Rh3+ 52. Kg2 Rh4 53. Kg3 Rh5 54. f3 Rh1 55. b5+ Kc7 56. Rf8 Rh5 57. Rf6 Kb7 58. Kf2 Kc7 59. Ke3 Kb7 60. Kd4 Rh3 61. Rxf5 Rxf3 62. Ke5 Rh3 63. Kf6 h5 64. Kg6 h4 65. Rh5 Rh1 66. f5 h3 67. Kf7 h2 68. f6 Kb6 69. Rh6 Kxb5 70. Kf8 Rf1 71. Rxh2 Rxf6+ 1/2-1/2